Sociologie pro novináře

Na minha lista:
Detalhes bibliográficos
Autor principal: Filipec, J.
Formato: Livro
Idioma:tcheco
Publicado em: Praha Novinář 1987
Edição:1. vyd.
Colecção:Knihovnička novináře Sv.41
Tags: Adicionar Tag
Sem tags, seja o primeiro a adicionar uma tag!

MARC

LEADER 00000nam a2200000 4500
001 c028484
005 20221219103418.0
041 0 |a cze 
044 |a CZ 
245 1 0 |a Sociologie pro novináře  |c J. Filipec a kol. 
250 |a 1. vyd. 
264 1 |a Praha  |b Novinář  |c 1987 
300 |a 166 s. 
490 1 |a Knihovnička novináře  |v Sv.41 
830 0 |a Knihovnička novináře  |v Sv.41 
100 1 |a Filipec, J.